000 00326nam a2200133Ia 4500
008 191201s2011 xx 000 0 und d
100 _aHEATH,Michael T
245 0 _aScientific Computing: An Introductory Survey
250 _a2nd
260 _aN. Delhi
_bTMH
_c2011
300 _a563
650 _aB.Tech(IT)
942 _2ddc
_cBK
999 _c5056
_d5056